LAW RELATING TO CHILD LABOUR AND WELFARE (Record no. 10147)
[ view plain ]
| 000 -LEADER | |
|---|---|
| fixed length control field | 00303nam a22001337a 4500 |
| 003 - CONTROL NUMBER IDENTIFIER | |
| control field | SGT |
| 082 ## - DEWEY DECIMAL CLASSIFICATION NUMBER | |
| Classification number | 340,RAY |
| 100 ## - MAIN ENTRY--PERSONAL NAME | |
| Personal name | RAY AMITABHA |
| 245 ## - TITLE STATEMENT | |
| Title | LAW RELATING TO CHILD LABOUR AND WELFARE |
| 260 ## - PUBLICATION, DISTRIBUTION, ETC. (IMPRINT) | |
| Place of publication, distribution, etc | MUMBAI |
| Name of publisher, distributor, etc | CURRENT PUBLICATIONS |
| Year of Publication | 2010 |
| 300 ## - PAGE DESCRIPTION | |
| No. of Pages | 364 |
| 650 ## - SUBJECT ADDED ENTRY--TOPICAL TERM | |
| Topical term or geographic name as entry element | LAW BOOKS |
| 942 ## - ADDED ENTRY ELEMENTS (KOHA) | |
| Source of classification or shelving scheme | Dewey Decimal Classification |
| Koha item type | Books |
| Withdrawn status | Lost status | Source of classification or shelving scheme | Damaged status | Not for loan | Collection code | Home library | Current library | Shelving location | Date acquired | Vendor Name | Cost, normal purchase price | SGTU | Bill Number | Full call number | Accession No. (Barcode) | Date last seen | Bill Date | Koha item type |
|---|---|---|---|---|---|---|---|---|---|---|---|---|---|---|---|---|---|---|
| Dewey Decimal Classification | Not For Loan | LAW | SGT Science & Social Sciences Library | SGT Science & Social Sciences Library | Reference Book | 09/12/2016 | JUPITER LAW BOOK COMPANY | 375.00 | SGTU | 1373 | 340,RAY | FL809 | 09/12/2016 | 21/03/2015 | Books |